| 000 | 01342nab a2200241 i 4500 | ||
|---|---|---|---|
| 001 | 768714001 | ||
| 003 | CO-MdFUSB | ||
| 005 | 20240523101155.0 | ||
| 008 | 240523t1974 sp ||||| |||| 00| 0 spa d | ||
| 040 |
_bspa _cCO-MdFUSB _dCO-MdFUSB |
||
| 041 | _aspa | ||
| 100 |
_aPesch, Rudolf, _d1936- _eautor |
||
| 245 |
_aJesús, un hombre libre _c/ Rudolf Pesch ; traducido por José María Caballero |
||
| 520 | _aSi se acepta la crítica histórica como método de la cristología, entonces no sólo es posible describir la libertad de Jesús, sino que es preciso presentar al propio Jesús como “un hombre libre” y valorarlo en su libertad. Existe una serie de accesos temáticos desde el amplio espectro de la actuación de Jesús, corta, pero rica; se impone una interpretación teológica de los fenómenos descriptibles: Jesús aparece como el hombre libre, el abogado y el testigo de la libertad de Dios. | ||
| 650 | 7 |
_aCristología _9239 |
|
| 650 | 7 |
_aDios _9178 |
|
| 650 | 7 |
_aIglesia _9655 |
|
| 650 | 0 |
_aCristianismo y ateísmo. _91246 |
|
| 700 |
_aCaballero, José María, _etraductor |
||
| 773 | 0 |
_049450 _982673 _oR2583 _tRevista internacional de teología Concilium _w(CO-MdFUSB)8 _x0210-1041 _gNúmero 93, (marzo, 1974), páginas: 373 - 387 _qpágina: 373 |
|
| 942 | _cANA | ||
| 945 | _aCatherine Arias Alvarez - Practicante SENA | ||
| 999 |
_c69861 _d69861 |
||